What Am I? Where Am I? (Record no. 11742)

MARC details
000 -LEADER
fixed length control field 00255nam a22000977a 4500
008 - FIXED-LENGTH DATA ELEMENTS--GENERAL INFORMATION
fixed length control field 200113b ||||| |||| 00| 0 eng d
020 ## - INTERNATIONAL STANDARD BOOK NUMBER
International Standard Book Number 9780823428564
100 ## - MAIN ENTRY--PERSONAL NAME
Personal name Lewin Ted
9 (RLIN) 7430
245 ## - TITLE STATEMENT
Title What Am I? Where Am I?
260 ## - PUBLICATION, DISTRIBUTION, ETC. (IMPRINT)
Place of publication, distribution, etc. New York
Name of publisher, distributor, etc. Holiday House
Date of publication, distribution, etc. 2013
Holdings
Withdrawn status Lost status Source of classification or shelving scheme Damaged status Koha normalized classification for sorting Not for loan Home library Current library Shelving location Date acquired Total Checkouts Full call number Barcode Date last seen Price effective from Koha item type
    Dewey Decimal Classification   590_000000000000000_JUNLIB   Good Samaritan School Library Good Samaritan School Library Science 01/13/2020   590 JUNLIB LEW15745 01/13/2020 01/13/2020 BOOK

Powered by Koha